ALAI entrevista a Fernando Cardenal
Αποθηκεύτηκε σε:
| Μορφή: | Κείμενο |
|---|---|
| Γλώσσα: | Spanish |
| Θέματα: | |
| Ετικέτες: |
Προσθήκη ετικέτας
Δεν υπάρχουν, Καταχωρήστε ετικέτα πρώτοι!
|
MARC
| LEADER | 00000 a a2200000 04500 | ||
|---|---|---|---|
| 001 | 17997 | ||
| 003 | cru CIDCACS/IIS | ||
| 005 | 20191122153045.0 | ||
| 008 | 191122b ||||| |||| 00| 0 spa d | ||
| 999 | |c 42633 |d 42633 | ||
| 040 | |c cru CIDCACS/IIS | ||
| 245 | 0 | |a ALAI entrevista a Fernando Cardenal | |
| 300 | |a páginas 511-513 | ||
| 650 | 0 | |a DERECHOS HUMANOS |9 38 | |
| 650 | 0 | |a POLITICA |9 3691 | |
| 650 | 0 | |a IGLESIA |9 1860 | |
| 650 | 0 | |a ECONOMIA |9 143 | |
| 650 | 0 | |a BURGUESIA |9 943 | |
| 651 | 0 | |9 1861 |a NICARAGUA | |
| 773 | 0 | |0 42391 |9 3856 |a Agencia Latinoamericana de Información, ALAI |d Quito, Ecuador: ALAI |o 04437 |t ALAI: |x 08275564 (Servicio mensual de información y documentación) | |
| 942 | |2 ddc |c PP | ||
